| 000 | 00491nam a2200169Ia 4500 | ||
|---|---|---|---|
| 003 | OSt | ||
| 005 | 20200629151528.0 | ||
| 008 | 190216s9999||||xx |||||||||||||| ||und|| | ||
| 040 | _coclc | ||
| 082 |
_a954.83 _bMEN/H |
||
| 100 |
_aMenon, P Padmanabha _93327 |
||
| 245 | 0 |
_aHistory Of Kerala / _cP Padmanabha Menon |
|
| 260 |
_bAsian Education Services, _c1983. _aNew Delhi: |
||
| 300 | _a660p | ||
| 650 | _aHistory | ||
| 942 |
_cREF _2ddc _h954.83 _iMEN/H _k954.83 _mMEN/H |
||
| 999 |
_c35510 _d35510 |
||